ARRUPE JESUIT UNIVERSITY

CORONAVIRUS -STOP THE SPREAD - CLEAN,DISINFECT,COVER

The quality of growth / (Record no. 127830)

MARC details
000 -LEADER
fixed length control field 01088cam a22002774a 4500
001 - CONTROL NUMBER
control field 11926847
003 - CONTROL NUMBER IDENTIFIER
control field ARRUPE
005 - DATE AND TIME OF LATEST TRANSACTION
control field 20180328110456.0
008 - FIXED-LENGTH DATA ELEMENTS--GENERAL INFORMATION
fixed length control field 000301s2000 enka b 000 0 eng
010 ## - LIBRARY OF CONGRESS CONTROL NUMBER
LC control number 00028324
020 ## - INTERNATIONAL STANDARD BOOK NUMBER
International Standard Book Number 0195215931
040 ## - CATALOGING SOURCE
Original cataloging agency DLC
Transcribing agency DLC
Modifying agency DLC
042 ## - AUTHENTICATION CODE
Authentication code pcc
050 00 - LIBRARY OF CONGRESS CALL NUMBER
Classification number HD75
Item number .Q35 2000
082 00 - DEWEY DECIMAL CLASSIFICATION NUMBER
Classification number 338.9
Edition number 21
300 ## - PHYSICAL DESCRIPTION
Other physical details ill. ;
Dimensions 23 cm.
100 ## - MAIN ENTRY--PERSONAL NAME
Personal name Thomas, Vinod
9 (RLIN) 41167
245 04 - TITLE STATEMENT
Title The quality of growth /
Statement of responsibility, etc Vinod Thomas ... [et al.].
260 ## - PUBLICATION, DISTRIBUTION, ETC. (IMPRINT)
Place of publication, distribution, etc Oxford ;
Name of publisher, distributor, etc World Bank,
Date of publication, distribution, etc 2000.
300 ## - PHYSICAL DESCRIPTION
Extent xxxiv, 262 p. :
504 ## - BIBLIOGRAPHY, ETC. NOTE
Bibliography, etc Includes bibliographical references (p. 233-262).
650 #0 - SUBJECT ADDED ENTRY--TOPICAL TERM
Topical term or geographic name as entry element Economic development.
9 (RLIN) 9273
650 #0 - SUBJECT ADDED ENTRY--TOPICAL TERM
Topical term or geographic name as entry element Sustainable development.
9 (RLIN) 4997
700 1# - ADDED ENTRY--PERSONAL NAME
Personal name Thomas, Vinod,
Dates associated with a name 1949-
9 (RLIN) 41168
856 42 - ELECTRONIC LOCATION AND ACCESS
Materials specified Publisher description
Uniform Resource Identifier <a href="http://www.loc.gov/catdir/enhancements/fy0610/00028324-d.html">http://www.loc.gov/catdir/enhancements/fy0610/00028324-d.html</a>
906 ## - LOCAL DATA ELEMENT F, LDF (RLIN)
a 7
b cbc
c orignew
d 1
e ocip
f 20
g y-gencatlg
942 ## - ADDED ENTRY ELEMENTS (KOHA)
Source of classification or shelving scheme Library of Congress Classification
Koha item type Monograph ( Printed materials)
Holdings
Withdrawn status Lost status Source of classification or shelving scheme Damaged status Not for loan Collection code Home library Current library Shelving location Date acquired Total Checkouts Full call number Barcode Date last seen Price effective from Koha item type
    Library of Congress Classification     Main Collection ARRUPE LIBRARY ARRUPE LIBRARY Main Collection 28/03/2018   HD75 .Q35 2000 46600001959 28/03/2018 28/03/2018 Monograph ( Printed materials)

 

Arrupe Library. PO Box MP320 Mt Pleasant, Harare, Zimbabwe
263 242 745411|librarian@aju.ac.zw